01167nam a2200241 a 4500001001000000005001700010008004100027041000800068044000700076084002100083100004500104245009500149260003600244300002200280500021400302500016200516500001000678650005200688650005600740650003400796650004500830740005000875BRCA_252820190320203843.0251108s1863----sp-a---###---#000-0#spa-u aspa asp a152b.G673c18631 aCervantes Saavedra, Miguel ded1547-161610aEl Ingenioso Hidalgo Don Quijote de la Manchaccompuesto por Miguel de Cervantes Saavedra. aBarcelonabTomás Gorchsc1863 a2 v.bil.c45 cm. aContenido : v 1. Primera parte. Retrato de Cervantes. Dedicatoria del autor. Prólogo del autor. Versos preliminares. Texto. -- v 2. Segunda parte. Dedicatoria del autor. Prólogo del autor. Variantes. Texto aReimpresión de la edición de 1859 del mismo editor. Magnífico ejemplar. Semipergamino; lomeras decoradas cona dornos y filetes dorados Lúdovik Osterc aQM13914aNovela españolayÉpoca clásica, 1500-170014aLiteratura españolayÉpoca clásica, 1500-170014aNovela españolaySiglo XVII14aDon Quijote (Personaje ficticio)eNovela0 aEl Ingenioso Hidalgo Don Quijote de la Mancha